| 000 | 00695nam a22001577a 4500 | ||
|---|---|---|---|
| 003 | OSt | ||
| 005 | 20151003152239.0 | ||
| 008 | 151003b xxu||||| |||| 00| 0 eng d | ||
| 040 | _cRUA | ||
| 082 | _aAVM TOR 2002 B072 Or.1 | ||
| 100 |
_91920 _aTOR, MESA. |
||
| 245 | _a Study on local development structure of eu-prasac in takeo province, ការសិក្សាពីរចនាសម្ព័ន្ធអភិវឌ្ឍន៏មូលដ្ឋាន ក្នុងគំរោងរបស់សហគមន៏អឺរ៉ុប (ប្រាសាក់) នៅខេត្តតាកែវ | ||
| 260 |
_aPhnom Penh _bRUA _c2002 |
||
| 300 |
_avii; 47p. _bill. _c29cm. |
||
| 942 |
_2ddc _cAVM |
||
| 999 |
_c1814 _d1814 |
||